Normal view
MARC view
- ORGANIZATION THEORY
Entry Topical Term
001 - CONTROL NUMBER
- control field: 2859
003 - CONTROL NUMBER IDENTIFIER
- control field: JO-AjAnu
005 - DATE AND TIME OF LATEST TRANSACTION
- control field: 20230606070754.0
008 - FIXED-LENGTH DATA ELEMENTS
- fixed length control field: 230606|| aca||aabn | a|a d
040 ## - CATALOGING SOURCE
- Original cataloging agency: JO-AjAnu
- Transcribing agency: JO-AjAnu
150 ## - HEADING--TOPICAL TERM
- Topical term or geographic name entry element: ORGANIZATION THEORY
670 ## - SOURCE DATA FOUND
- Source citation: Work cat.: (JO-AjAnu)1497: Jackson,John H/Cyril P.Morgan/Joseph G.P.Paolillo, author 2858, ORGANIZATION THEORY:AMACRO PERSPECTIVE FOR MANAGEMENT